000 01349cam a22003737a 4500
003 CHAP
005 20250207172238.0
008 971013s1995 mx a r 00010 spa d
010 _a62498
011 _a63470
035 _a67646
040 _cCHAP
082 _a322.1
_bM4
100 0 0 _aMenéndez Rodríguez, Hernán.
_974829
245 1 0 _aIglesia y poder :
_bproyectos sociales, alianzas políticas y económicas en Yucatán (1857-1917)
_c/por Hernán Menéndez Rodríguez
260 _aMéxico, D.F. :
_bConsejo Nacional para la Cultura y las Artes,
_c1995.
300 _a478 p. :
_bilus.
410 2 1 _aConsejo Nacional para la Cultura y las Artes
490 0 _aRegiones
590 _aBATCH-UPD
_b10
_c20130110
_lUCH01
_h0453
590 _aBATCH-UPD
_b10
_c20130110
_lUCH01
_h2246
590 _aBATCH-UPD
_b10
_c20130410
_lUCH01
_h0130
590 _aBATCH-UPD
_b10
_c20130410
_lUCH01
_h1540
590 _aBATCH-UPD
_b10
_c20130914
_lUCH01
_h1035
590 _aCONVERSION
_b10
_c20130109
_lUCH01
_h1334
650 1 4 _aIglesia y Estado.
_957339
650 1 4 _aYucatán
_xHistoria.
_9123324
810 0 0 _aConsejo Nacional para la Cultura y las Artes
_927327
830 0 _aRegiones (CONACULTA)
_995667
901 _aBK
905 _aMayto Villalobos S.
942 _cLIBRO
949 _a322.1 M4
_bBC
_cLIBRO
_d33724000634366
_eLIBRO
_gI.c/e
_h91898
_i67646
_sb
999 _c62498
_d62498